MARC

LEADER 00000nam0a2200000 4500
001 62038
005 20231101212000.0
010 |a 5922104829 
035 |a (RuTPU)RU\TPU\book\65747 
090 |a 62038 
100 |a 20040331d2004 k y0rusy50 ca 
101 0 |a rus 
102 |a RU 
105 |a a z 001zy 
200 1 |a Высокотемпературная кристаллизация из расплава  |f Х. С. Багдасаров 
210 |a Москва  |c Физматлит  |d 2004 
215 |a 160 с.  |c ил. 
320 |a Библиогр.: с. 154-159. 
606 1 |a Кристаллизация  |x (кристаллография)  |2 stltpush  |3 (RuTPU)RU\TPU\subj\79323  |9 87913 
610 1 |a кристаллография 
610 1 |a вещества 
610 1 |a плавление 
610 1 |a рост из расплава 
610 1 |a физическая кинетика 
610 1 |a теплоперенос 
610 1 |a массоперенос 
610 1 |a тугоплавкие монокристаллы 
610 1 |a выращивание 
610 1 |a охлаждение 
675 |a 548.5  |v 3 
700 1 |a Багдасаров  |b Х. С.  |g Хачик Саакович 
801 1 |a RU  |b 63413507  |c 20040331  |g PSBO 
801 2 |a RU  |b 63413507  |c 20200821  |g PSBO 
942 |c BK 
959 |a 102/20051202  |d 1  |e 57,6  |f НФ:1